Statistics for Continents by Picture

Click here to take the quiz!

General Stats

  • This quiz has been taken 108 times
  • The average score is 6 of 7

Answer Stats

Answer % Correct
South America
97%
Europe
95%
North America
90%
Africa
90%
Asia
86%
Australia
76%
Antarctica
57%

Score Distribution

Percentile by Number Answered

Percent of People with Each Score

Your Score History

You have not taken this quiz